Juegos y recreación deportiva en el agua

Saved in:
Bibliografiske detaljer
Hovedforfatter: Martín Andrés, Oscar (autor)
Format: Bog
Sprog:spansk
Udgivet: Madrid Gymnos 1993
Fag:
Tags: Tilføj Tag
Ingen Tags, Vær først til at tagge denne postø!

MARC

LEADER 00000nam a2200000 a 4500
001 UCP5757
003 CL-VaPUC
008 990927e19930000SP |||||||||||||||||spa|d
082 0 4 |a 797.25  |b MAR  |2 21 
100 |a Martín Andrés, Oscar  |e autor  |9 434338 
245 1 0 |a Juegos y recreación deportiva en el agua 
300 |a 152 p 
942 |c BK 
945 |d 19990927 00:00:00  |a cmena 
260 |a Madrid  |b Gymnos  |c 1993 
650 0 |a Deportes  |9 224367 
650 0 |a Natación  |9 307454 
650 7 |a DEPORTES ACUATICOS  |2 CL-VaPUC  |9 262007 
583 |a last modification  |c 19990927 00:00:00  |k Rodrigo Vera 
999 |c 283425  |d 283423 
952 |0 0  |1 0  |4 0  |6 797_250000000000000_MAR_1993  |7 0  |8 A  |9 326590  |a BIBEDU  |b BIBEDU  |d 2019-11-20  |i 3561615  |l 1  |o 797.25 MAR 1993  |p 3561615  |r 2022-04-06  |s 2022-03-30  |w 2019-11-20  |y BK  |k EFI 
952 |0 0  |1 0  |4 0  |6 797_250000000000000_MAR_1993  |7 0  |8 A  |9 326591  |a BIBEDU  |b BIBEDU  |d 2019-11-20  |i 3775569  |l 1  |o 797.25 MAR 1993  |p 3775569  |r 2024-05-10  |s 2024-05-03  |w 2019-11-20  |y BK  |k EFI